Statystyki dla Stolice krajów od 197 do 205

Kliknij tutaj aby rozwiązać quiz!

Ogólne statystyki

  • Ten quiz został rozwiązany 22 razy
  • Średni wynik to 2 z 9

Statystyki odpowiedzi

krajstolica% Poprawnych
PalestynaJ{erozolima}
lub R{amallah}
68%
GrenlandiaN{uuk}
45%
Wyspy OwczeT{horshavn}
41%
NiueA{lofi}
9%
ArubaO{ranjestad}
9%
CuraçaoW{illemstad}
9%
Wyspy CookaA{varua}
5%
Sahara ZachodniaE{l-Aaiún} (L{aayoune})
lub T{ifariti}
0%
Sint MaartenP{hilipsburg}
0%

Rozkład punktacji

Percentyl według liczby udzielonych odpowiedzi

Procent ludzi z każdym wynikiem

Twoja historia wyników

Nie rozwiązałeś tego quizu